000 00579nam a2200217Ia 4500
003 OSt
005 20220926043901.0
006 a|||||r|||| 00| 0
007 ta
008 220923b |||||||| |||| 00| 0 eng d
037 _cGeneral Book
040 _aRTL
_cRTL
_beng
041 _2eng
_aeng
082 _aY17941:1, J9
100 _aBirket-Smith Ka-j
_9348326
245 0 _aEskimos tr from Danish by W E Calvert and rev by C
260 _c1959
650 _aRed Indians
942 _hY17941:1, J9
_cGB
_2CC
999 _c673428
_d673428